El dilema de seguridad en los procesos de paz (Registro nro. 47866)
[ vista simple ]
| 000 -ENCABEZADO | |
|---|---|
| Número de control [NR] | 01138nam a2200277Ia 4500 |
| 005 - FECHA Y HORA DE LA ÚLTIMA TRANSACCIÓN | |
| control field | 20211110134807.0 |
| 008 - DE LONGITUD FIJA DE DATOS DE ELEMENTOS - INFORMACIÓN GENERAL | |
| Elementos de longitud fija [NR] | 130821s2005 ck gr spa |
| 020 ## - NUMERO INTERNACIONAL NORMALIZADO PARA LIBROS [R] | |
| Número Internacional Normalizado del libro [NR] | 9586951707 |
| 020 ## - NUMERO INTERNACIONAL NORMALIZADO PARA LIBROS [R] | |
| Número Internacional Normalizado del libro [NR] | 9789586951708 |
| 040 ## - FUENTE DE CATALOGACION [NR] | |
| Agencia de catalogación original [NR] | Co-BoUCM |
| Idioma de catalogación [NR] | spa |
| Quien Cataloga | Sandra Palacio (modificó) |
| Quien Clasifica | Saul Niño (Modificó) |
| 041 00 - CODIGO DE IDIOMA [R] | |
| Código de idioma para texto/pista de sonido o título separado [R] | Español |
| 100 1# - ASIENTO PRINCIPAL--NOMBRE PERSONAL [NR] | |
| Nombre personal [NR] | Turizo Pinzon, David |
| ID Autoridad | 81637 |
| 245 13 - MENCION DE TITULO [NR] | |
| Título [NR] | El dilema de seguridad en los procesos de paz |
| Mención de responsabilidad, etc. [NR] | David Turizo Pinzón |
| Parte restante del título [NR] | el caso de Irlanda del Norte |
| 260 ## - PUBLICACION, DISTRIBUCION, ETC. (PIE DE IMPRENTA) [R] | |
| Lugar de publicación, distribución, etc. [R] | Bogotá (Colombia) |
| Nombre del editor, distribuidor, etc. [R] | Universidad de los Andes |
| Fecha de publicación, distribución, etc. [R] | 2005 |
| 300 ## - DESCRIPCION FISICA [R] | |
| Extensión [R] | 138 páginas |
| 490 0# - MENCION DE SERIE [R] | |
| Mención de serie [R] | Colección Prometeo |
| 650 17 - ASIENTO SECUNDARIO DE MATERIA - TERMINO TEMATICO [R] | |
| Término temático o nombre geográfico como elemento de entrada [NR] | Conflicto armado |
| Subdivisión geográfica [R] | Irlanda del Norte |
| 9 (RLIN) | 11564 |
| 650 27 - ASIENTO SECUNDARIO DE MATERIA - TERMINO TEMATICO [R] | |
| Término temático o nombre geográfico como elemento de entrada [NR] | Desarme |
| Subdivisión geográfica [R] | Irlanda del Norte |
| 9 (RLIN) | 12921 |
| 650 27 - ASIENTO SECUNDARIO DE MATERIA - TERMINO TEMATICO [R] | |
| Término temático o nombre geográfico como elemento de entrada [NR] | Paz |
| Subdivisión geográfica [R] | Irlanda del Norte |
| 9 (RLIN) | 21202 |
| 650 27 - ASIENTO SECUNDARIO DE MATERIA - TERMINO TEMATICO [R] | |
| Término temático o nombre geográfico como elemento de entrada [NR] | Problemas sociales |
| 9 (RLIN) | 22324 |
| 650 27 - ASIENTO SECUNDARIO DE MATERIA - TERMINO TEMATICO [R] | |
| Término temático o nombre geográfico como elemento de entrada [NR] | Proceso de paz |
| Subdivisión geográfica [R] | Irlanda del Norte |
| 9 (RLIN) | 22379 |
| 690 ## - ASUNTO AGREGADO LOCAL DE ENTRADA - TÉRMINO TEMÁTICO (OCLC, RLIN) | |
| Acceso temático local | Sociología |
| 9 (RLIN) | 386 |
| 710 ## - ASIENTO SECUNDARIO - NOMBRE CORPORATIVO [R] | |
| Nombre corporativo o de jurisdicción como elemento de entrada [NR] | Universidad de los Andes |
| Unidad subordinada [R] | Facultad de Ciencias Sociales |
| -- | Departamento de Ciencia Política |
| -- | Centro de Estudios Socioculturales. CESO |
| 9 (RLIN) | 81638 |
| 942 ## - ELEMENTOS DE ENTRADA AGREGADOS (KOHA) | |
| Tipo de ítem principal el descrito en 300a | Libro |
| Tema principal | Ciencia política |
| Edición | 1 |
| Parte restante de la signatura top. | T938di |
| Sistema de clasificación | DEWEY |
| Clasificación | 303.609415 |
| Fecha de último préstamo | Total préstamos | Signatura topográfica | Código de barras | Última vez visto | Ejemplar | Costo de reposición | Price effective from | Tipo de ítem | Perdido | Sistema de clasificación | Dañado | No prestable | Tipo de ítem específico | Suprimido | Ubicación habitual | Ubicación actual | Localización | Fecha de creación | Proveedor | Forma de adquisición | Costo |
|---|---|---|---|---|---|---|---|---|---|---|---|---|---|---|---|---|---|---|---|---|---|
| 02/09/2024 | 2 | 303.609415 T938di | 100151526 | 04/12/2025 | Ej.2 | 25600.00 | 03/11/2016 | Libro | DEWEY | Libro | Claustro | Claustro | 2do piso | 03/11/2016 | 111 | Compra | 25600.00 | ||||
| 303.609415 T938di | 100169127 | 04/12/2025 | Ej.1 | 26000.00 | 07/02/2022 | Libro | DEWEY | Libro | Claustro | Claustro | 2do piso | 07/02/2022 | Donación | 0.00 |